000 00736nam a22002297a 4500
003 BPGM
008 260617s mx ajd|gr||||s0|1 ||SPA||
040 _bspa
041 _aSPA
_hSPA
082 0 4 _2PRIMERA EDICIÓN
_aCQ / 310 / A58
100 _aINEGI
111 _aINSTITUTO NACIONAL DE ESTADISTICA, GEOGRAFIA E INFORMATICA
245 _aANUARIO ESTADÍSTICO QUERÉTARO 2008
260 _aQUERÉTARO, MÉXICO
_bINEGI
_c2008
300 _a601 PÁGINAS;
_c27.5 CM X 21.3 CM
336 _2rdacontent
_atexto
_btxt
337 _2rdamedia
_asin mediación
_bn
338 _2rdacarrier
_avolumen
_bnc
505 _aINSTITUTO NACIONAL DE ESTADISTICA, GEOGRAFIA E INFORMATICA
650 _aGEOGRAFÍA
_v310
_x300
_y10
_z0
942 _2ddc
_cCOLQ
999 _c68619
_d68619